Portugal e a Guerra Civil de Espanha (Record no. 2177)
[ view plain ]
| 000 -Etiqueta do registo | |
|---|---|
| Campo de controlo de comprimento fixo | 00352 a2200145 4500 |
| 020 ## - ISBN (NÚMERO DE LIVRO PADRÃO INTERNACIONAL) | |
| ISBN | N/S |
| 040 ## - Fonte de Catalogação | |
| Agência de catalogação | Biblioteca de Posgraduação- Universidade Lusíada de Angola |
| 082 ## - DEWEY DECIMAL CLASSIFICATION NUMBER | |
| Número de classificação | 9(1) |
| Classificador- CDU | 327 |
| 100 ## - Nome Pessoal | |
| 9 (RLIN) | 1006 |
| Autor | SOARES,Joao |
| 245 ## - Declaração de Título | |
| Título | Portugal e a Guerra Civil de Espanha |
| 260 ## - Publicação e Destribuíção | |
| Local de edição/distribuição | Lisboa , |
| Editor/distribuidor | Comissao organizadora da exposicao |
| Data de edição/distribuição | 1995. |
| 300 ## - Descrição Física | |
| Nº Pág. | 196p |
| 650 ## - MATERIA | |
| MATERIA | Politica |
| 942 ## - - Elementos de entrada adicionados (koha) | |
| Tipo de documento | Livros |
| Withdrawn status | Lost status | Source of classification or shelving scheme | Damaged status | Not for loan | Permanent Location | Current Location | Date acquired | Inventory number | Total Checkouts | Full call number | Barcode | Date last seen | Price effective from | Koha item type |
|---|---|---|---|---|---|---|---|---|---|---|---|---|---|---|
| Dewey Decimal Classification | Biblioteca Geral- Universidade Lusíada de Angola | Biblioteca Geral- Universidade Lusíada de Angola | 24/03/2026 | 9 (1) | 327 | 2026-0075 | 24/03/2026 | 24/03/2026 | Livros |
